Czy Znasz Stopnie w Wojsku Polskim? - Statystyki

Ogólne statystyki
  • Ten quiz został rozwiązany 349 razy
  • Średni wynik to 16 z 22
Statystyki odpowiedzi
Obrazkowy Odpowiedź % Poprawnych
Starszy Szeregowy
91%
Szeregowy
90%
Generał
84%
Kapral
79%
Starszy Kapral
77%
Kapitan
75%
Sierżant
71%
Chorąży
70%
Plutonowy
70%
Major
69%
Podporucznik
69%
Porucznik
69%
Pułkownik
69%
Podpułkownik
68%
Generał Broni
67%
Generał Brygady
67%
Generał Dywizji
67%
Starszy Sierżant
65%
Marszałek Polski
64%
Starszy Chorąży
62%
Młodszy Chorąży
60%
Starszy Chorąży Sztabowy
60%
Nie znaleziono quizów pasujących do podanych kryteriów
Rozkład punktacji
Procent ludzi z każdym wynikiem
Percentyl według liczby udzielonych odpowiedzi
Twoja historia wyników
Nie rozwiązałeś tego quizu